• 首页
  • 本馆介绍
  • 公告通知
  • 最新文献
  • 馆藏检索
  • 电子资源
  • 读者导购
  • 参考咨询
  • 我的图书馆
  • 登录
  • 详细信息显示
  • 放入我的书架
  • 预约/预借图书
  • 作者相关作品
  • 分类相关作品
  • 丛书相关作品
  • 出版社相关作品

书目信息

  • 表格格式
  • 工作单格式
  • 卡片格式
题名:
赫鲁晓夫的执政年代
    
 
作者: 麦德维杰夫 , 麦德维杰夫 著 ;邹子婴 , 宋嘉 译
分册:  
出版信息: 长春   吉林人民出版社  1981
页数: 176页
开本: 21cm
丛书名:
单 册:
中图分类: K512.56
科图分类:
主题词: 政治--概况--苏联 , 中欧--历史 , 东欧--历史
电子资源:
ISBN:
000 01014nam0 2200301 45
001 0181002350
005 20060802164053.78
010    @dCNY0.67
091    @a11091-66
100    @a19950619d1981 em y0chiy0121 ea
101 1  @achi@beng@crus
102    @aCN@b220000
105    @ay z 000yb
200 10 @a赫鲁晓夫的执政年代@Ahe lu xiao fu de zhi zheng nian dai@f(苏)罗伊·A·麦德维杰夫,若莱斯·A·麦德维杰夫著@F(su)luo yi·A·mai de wei jie fu,ruo lai si·A·mai de wei jie fu zhu@g邹子婴,宋嘉译@Gzou zi ying,song jia yi
210    @a长春@c吉林人民出版社@d1981
215    @a176页@d21cm
600  1 @a赫鲁晓夫@bN.S.@x生平事迹
606    @a政治@x概况@y苏联
606 0  @a中欧@x历史
606 0  @a东欧@x历史
690    @aK512.56
701  0 @a麦德维杰夫@Amai de wei jie fu@4著
701  0 @a麦德维杰夫@Amai de wei jie fu@4著
702  0 @a邹子婴@Azou zi ying@4译
702  0 @a宋嘉@Asong jia@4译
801  0 @aCN@b上海图书馆@c20060802
801  2 @aCN@bNLC@c20060731
905    @f4@b75471-474@dK512.56@e3
    
    赫鲁晓夫的执政年代/(苏)罗伊·A·麦德维杰夫,若莱斯·A·麦德维杰夫著/邹子婴,宋嘉译.-长春:吉林人民出版社,1981
    176页;21cm
    
    
    ISBN :CNY0.67
    
●
相关链接 在E读中查询图书 在五车中查询图书 在当当中查询图书 在豆瓣中查询图书


正题名:赫鲁晓夫的执政年代     索取号:K512.56/3         预约/预借

序号 登录号 条形码 馆藏地/架位号 状态 备注
1 0075471   001394734   第二借阅区/ [索取号:K512.56/3] 在馆    
2 0075472   001394654   第二借阅区/ [索取号:K512.56/3] 在馆    
3 0075473   001394690   密集书库/ [索取号:K512.56/3] 在馆    
4 0075474   001395145   密集书库/ [索取号:K512.56/3] 在馆    
5 0075475   001394770   第二样本阅览室/ [索取号:K512.56/3] 在馆    
6 0421312   204213127   密集书库/ [索取号:K512.56/3] 在馆    
7 0424241   204242417   密集书库/ [索取号:K512.56/3] 在馆    
8 0424407   204244077   密集书库/ [索取号:K512.56/3] 在馆    
9 0424452   204244521   密集书库/ [索取号:K512.56/3] 在馆    
10 0424840   204248402   密集书库/ [索取号:K512.56/3] 在馆    
11 0425407   204254074   密集书库/ [索取号:K512.56/3] 在馆    
12 0443843   204438439   密集书库/ [索取号:K512.56/3] 在馆    
13 0443855   204438554   密集书库/ [索取号:K512.56/3] 在馆    
14 0444309   204443094   密集书库/ [索取号:K512.56/3] 在馆    
15 0459067   204590674   密集书库/ [索取号:K512.56/3] 在馆    
16 0459068   204590683   密集书库/ [索取号:K512.56/3] 在馆    
17 0466496   204664960   密集书库/ [索取号:K512.56/3] 在馆    
唐山师范学院图书馆 欢迎您!
大连网信软件有限公司© 版权所有